[Event "Barcelona La Lira-C 12th"]
[Site "Barcelona"]
[Date "2009.07.26"]
[Round "9"]
[White "Perez Gomez, Silvestre"]
[Black "Blasco Coll, Andreu"]
[Result "0-1"]
[WhiteElo "1947"]
[BlackElo "1683"]
[PlyCount "70"]
[EventDate "2009.07.18"]
[EventType "tourn"]
[EventRounds "9"]
[EventCountry "ESP"]
[SourceTitle "EXT 2011"]
[Source "ChessBase"]
[SourceDate "2010.11.26"]
[SourceVersion "1"]
[SourceVersionDate "2010.11.26"]
[SourceQuality "1"]

1. d4 Nf6 2. c4 e6 3. Nc3 Bb4 4. Qc2 c5 5. Nf3 Nc6 6. dxc5 Bxc5 7. h3 d5 8. Bg5 Qb6 9. e3 Ne4 10. Nxe4 dxe4 11. Nd2 f6 12. Bh4 g5 13. Nxe4 Bb4+ 14. Ke2 gxh4 15. Nxf6+ Ke7 16. Nxh7 Qc5 17. Nf6 Kxf6 18. a3 Qh5+ 19. f3 Bd6 20. Rd1 Bg3 21. Rd2 b6 22. Kd1 Bb7 23. Be2 Rad8 24. Rxd8 Rxd8+ 25. Kc1 Qe5 26. Qc3 Qxc3+ 27. bxc3 Bf2 28. Kc2 Bxe3 29. Bd3 Ne5 30. Bh7 Rd2+ 31. Kb3 Ba6 32. f4 Bxc4+ 33. Ka4 Nc6 34. Rb1 Rd5 35. Rb5 Rxb5 0-1

[Event "Barcelona La Lira-C 12th"]
[Site "Barcelona"]
[Date "2009.07.25"]
[Round "8"]
[White "Romero Funieles, Rafael de Jesus"]
[Black "Perez Gomez, Silvestre"]
[Result "1-0"]
[WhiteElo "1769"]
[BlackElo "1947"]
[PlyCount "107"]
[EventDate "2009.07.18"]
[EventType "tourn"]
[EventRounds "9"]
[EventCountry "ESP"]
[SourceTitle "EXT 2011"]
[Source "ChessBase"]
[SourceDate "2010.11.26"]
[SourceVersion "1"]
[SourceVersionDate "2010.11.26"]
[SourceQuality "1"]

1. e4 d6 2. Nc3 Nd7 3. Nf3 g6 4. d4 Bg7 5. Be3 Ngf6 6. h3 0-0 7. Qd2 Re8 8. Bh6 Bh8 9. Bc4 Nb6 10. Bb3 d5 11. e5 Nh5 12. Nh2 c6 13. a4 a5 14. Nf3 f6 15. 0-0 Ng7 16. Rae1 Nf5 17. Bf4 Nd7 18. Re2 Nf8 19. Rfe1 e6 20. exf6 Bxf6 21. Ne5 Bd7 22. Nd1 Re7 23. Ng4 Bxd4 24. Bg5 Bg7 25. c3 Nd6 26. Bxe7 Qxe7 27. Qd3 Re8 28. Ba2 Ne4 29. Qf3 h5 30. Nh2 Nh7 31. Qe3 Rf8 32. Nf3 Nhg5 33. Nxg5 Nxg5 34. Bb1 Kh7 35. f4 Nf7 36. f5 Ng5 37. fxg6+ Kh8 38. h4 e5 39. Qxg5 Qxg5 40. hxg5 e4 41. Rf2 Bf5 42. Ref1 d4 43. Rxf5 Kg8 44. Rxf8+ Bxf8 45. Ba2+ Kg7 46. cxd4 Bb4 47. Bf7 Bd2 48. Rf2 Bxg5 49. Re2 e3 50. Nxe3 h4 51. Nf5+ Kf6 52. Nd6 Kg7 53. Re6 Bf4 54. Nf5+ 1-0

[Event "Barcelona La Lira-C 12th"]
[Site "Barcelona"]
[Date "2009.07.23"]
[Round "6"]
[White "Perez Gomez, Silvestre"]
[Black "Ramos Alvarez, Maximo"]
[Result "1-0"]
[WhiteElo "1947"]
[BlackElo "1860"]
[PlyCount "83"]
[EventDate "2009.07.18"]
[EventType "tourn"]
[EventRounds "9"]
[EventCountry "ESP"]
[SourceTitle "EXT 2011"]
[Source "ChessBase"]
[SourceDate "2010.11.26"]
[SourceVersion "1"]
[SourceVersionDate "2010.11.26"]
[SourceQuality "1"]

1. d4 d5 2. c4 c6 3. Nc3 e6 4. Qc2 dxc4 5. e3 Nf6 6. Bxc4 b5 7. Bd3 Nbd7 8. Nf3 Bb7 9. 0-0 a6 10. Nd2 c5 11. dxc5 Nxc5 12. Be2 Bd6 13. b4 Ncd7 14. Qb1 Qc7 15. Qb3 Bxh2+ 16. Kh1 h5 17. Nf3 h4 18. e4 h3 19. g4 Nxe4 20. Nxe4 Bxe4 21. Be3 Qb7 22. Kxh2 Bxf3 23. Bxf3 Qxf3 24. Rg1 Ne5 25. Rg3 Nxg4+ 26. Rxg4 Qxg4 27. Rg1 Qe4 28. Qc3 f6 29. Rg3 Qc4 30. Qb2 Kf7 31. Qb1 f5 32. Qb2 g6 33. Bg5 e5 34. Qxe5 Qe6 35. Qc7+ Kg8 36. Re3 Qc8 37. Qe7 Rh7 38. Qf6 Qc7+ 39. Re5 Qf7 40. Qc6 Ra7 41. Re8+ Kg7 42. Qc3+ 1-0

[Event "Fincas Mediterranea 2nd"]
[Site "Castelldefels"]
[Date "2005.08.17"]
[Round "1"]
[White "Nisipeanu, Liviu Dieter"]
[Black "Perez Gomez, Silvestre"]
[Result "1-0"]
[WhiteElo "2679"]
[BlackElo "1926"]
[PlyCount "29"]
[EventDate "2005.08.17"]
[EventType "swiss"]
[EventRounds "9"]
[EventCountry "ESP"]
[SourceTitle "CBM 107 Extra"]
[Source "ChessBase"]
[SourceDate "2005.09.01"]
[SourceVersion "1"]
[SourceVersionDate "2005.09.01"]
[SourceQuality "1"]

1. e4 e5 2. Nf3 Nc6 3. Bb5 a6 4. Ba4 Nf6 5. 0-0 Bc5 6. d3 b5 7. Bb3 0-0 8. Nc3 Qe7 9. Bg5 h6 10. Nd5 Qd6 11. Nxf6+ Kh8 12. Nh4 Nd4 13. Qh5 gxf6 14. Qxh6+ Kg8 15. Ng6 1-0

[Event "Catalunya-chB"]
[Site "Spain"]
[Date "1996.10.06"]
[Round "1"]
[White "Curet Ferrer, Albert"]
[Black "Perez Gomez, Silvestre"]
[Result "1/2-1/2"]
[WhiteElo "1755"]
[BlackElo "1910"]
[PlyCount "53"]
[EventDate "1997.??.??"]
[EventType "swiss"]
[EventRounds "8"]
[EventCountry "ESP"]
[SourceTitle "EXT 2003"]
[Source "ChessBase"]
[SourceDate "2002.11.25"]
[SourceVersion "1"]
[SourceVersionDate "2002.11.25"]
[SourceQuality "1"]

1. e4 e5 2. Nf3 Nc6 3. Nc3 Nf6 4. Bc4 Bc5 5. d3 h6 6. h3 d6 7. 0-0 0-0 8. a3 Na5 9. Ba2 Re8 10. b4 Bd4 11. Bb2 Nc6 12. Rb1 Be6 13. Bxe6 Rxe6 14. Ne2 Bxb2 15. Rxb2 Nh7 16. Ng3 Ng5 17. Re1 Nxf3+ 18. Qxf3 Qf6 19. Nf5 Rae8 20. c3 Qg5 21. Qg3 Rg6 22. Qf3 Ne7 23. h4 Qg4 24. Qxg4 Rxg4 25. Nxe7+ Rxe7 26. g3 h5 27. Kg2 1/2-1/2

[Event "Terrassa op-B"]
[Site "Terrassa"]
[Date "1996.??.??"]
[Round "2"]
[White "Fernandez Pintado, Xavier"]
[Black "Perez Gomez, Silvestre"]
[Result "1-0"]
[WhiteElo "2000"]
[BlackElo "1910"]
[PlyCount "59"]
[EventDate "1996.07.??"]
[EventType "swiss"]
[EventRounds "9"]
[EventCountry "ESP"]
[SourceTitle "EXT 2002"]
[Source "ChessBase"]
[SourceDate "2001.11.25"]
[SourceVersion "1"]
[SourceVersionDate "2001.11.25"]
[SourceQuality "1"]

1. d4 Nf6 2. Nc3 d5 3. Bg5 Bf5 4. f3 h6 5. Bxf6 gxf6 6. e4 Be6 7. Bd3 Nc6 8. Nge2 h5 9. Bb5 Qd6 10. Qd2 0-0-0 11. g3 Bh6 12. f4 dxe4 13. 0-0-0 Bf5 14. Qe3 Kb8 15. Bxc6 Qxc6 16. d5 Qb6 17. Nd4 Bd7 18. Qxe4 e5 19. dxe6 fxe6 20. Kb1 c5 21. Nf3 Bc6 22. Qe2 h4 23. Rhe1 hxg3 24. hxg3 Bg7 25. Rc1 a6 26. Qe3 Bxf3 27. Qxf3 f5 28. Qe3 e5 29. Na4 Qa5 30. Nxc5 1-0